|
|
|
|
| LEADER |
01001nam a22002417a 4500 |
| 001 |
AAL7526 |
| 003 |
BD-DhAAL |
| 005 |
20160303091939.0 |
| 008 |
160303s 2008bg ||||| |||| 00| 0 ben d |
| 020 |
|
|
|a 984701146480
|
| 040 |
|
|
|a BD-DhAAL
|c BD-DhAAL
|
| 082 |
|
|
|a 891.444
|
| 100 |
|
|
|a ফেরদৌস, হাসান
|9 18315
|
| 245 |
|
|
|a নির্বাচিত প্রবন্ধ :
|b গুলিস্তাঁ' থেকে মিরজাফরের নাতি /
|c হাসান ফেরদৌস
|
| 250 |
|
|
|a 1st ed.
|
| 260 |
|
|
|a ঢাকা :
|b সময় প্রকাশন,
|c ২০০৮
|
| 300 |
|
|
|a ২৩৭ পৃ. ;
|c ২২ সে.মি.
|
| 541 |
|
|
|e 7526
|
| 650 |
|
|
|a বাংলা প্রবন্ধ
|9 18316
|
| 852 |
|
|
|a Savar Campus Library
|c General Stacks
|
| 942 |
|
|
|2 ddc
|c BK
|
| 999 |
|
|
|c 37022
|d 37022
|
| 952 |
|
|
|0 0
|1 0
|2 ddc
|4 0
|6 891_444000000000000_FER
|7 0
|9 58262
|a SCL
|b SCL
|c GEN
|d 2016-03-03
|g 300.00
|l 0
|o 891.444 FER
|p 3020007526
|r 2016-03-03
|t 1
|w 2016-03-03
|y BK
|